000
00238nam a2200097Ia 4500
008
240331s9999 xx 000 0 und d
082
_b
YOG
100
_a
Yogarasa, S
245
0
_a
Indraya illakiyangalil ithihasap penn pathirangal
942
_c
L
999
_c
1497
_d
1497